000 00438nam a22001457a 4500
020 _a9788178083735
040 _cNust
082 _a621.382
_bSKL
100 _aBernard Sklar
_9123378
245 _aDigital communications fundamentals and applications
250 _a2nd Edition
260 _aNew Delhi:
_bPearson education services,
_c2001.
650 _aDigital communications fundamentals and applications
_991830
942 _2ddc
_cBK
999 _c610990
_d610990